Diseño geométrico y de estructura de pavimento flexible por el método de la AASHTO 93 para el mejoramiento de camino de la EST. 0+000 San Pedro del Norte – EST. 3+400 Caño La Piedra, Matagalpa

El estudio presenta el diseño geométrico con el software Civil 3D y estructuralmente con pavimento flexible por el método de la AASHTO 93 el tramo de 3.4 Km del camino San Pedro del Norte - Caño La Piedra, Matagalpa, para su mejoramiento.

Bibliographic Details
Main Authors: Téllez Toval, John José, Vílchez Borge, Aarón Cristino
Other Authors: Tutor: Juárez Romero, Gioconda Isabel
Format: Tesis Section = Libro
Language:Undetermined
Spanish
Published: Managua UNI 2022
Subjects:
LEADER 01159nam a2200253Ia 4500
008 240830s9999 xx 000 0 und d
040 |a BIBLIOTECA-RUPAP/ Mon 625.85 T275 
041 |a spa 
082 |a Mon 625.85 T275 
100 1 |a Téllez Toval, John José 
100 1 |b  Vílchez Borge, Aarón Cristino 
245 1 0 |a Diseño geométrico y de estructura de pavimento flexible por el método de la AASHTO 93 para el mejoramiento de camino de la EST. 0+000 San Pedro del Norte – EST. 3+400 Caño La Piedra, Matagalpa 
260 |a Managua  |b UNI  |c 2022 
300 |a 160 p.: il. 
500 |a Contiene: anexos y CD. 
502 |a Tesis (Ingeniero Civil) - UNI, 2022. 
520 3 |a El estudio presenta el diseño geométrico con el software Civil 3D y estructuralmente con pavimento flexible por el método de la AASHTO 93 el tramo de 3.4 Km del camino San Pedro del Norte - Caño La Piedra, Matagalpa, para su mejoramiento. 
650 7 |a PAVIMENTOS 
650 7 |b  PAVIMENTOS DE ASFALTO 
650 7 |c  CARRETERAS-MANTENIMIENTO Y REPARACION 
700 1 |a Tutor:  |b Juárez Romero, Gioconda Isabel 
942 |c BK  |2 ddc 
991 |a Tesis 
999 |c 27742